000 00648nam a2200217Ia 4500
003 GCL
008 140319s9999 xx 000 0 ara d
040 _aGCL /
_cGCL
082 0 4 _a410
_bت ع
100 1 _aتوفيق محمد شاهين
245 1 0 _aعوامل تنمية اللغة العربية /
_cتوفيق محمد شاهين
260 _a[S.N] :
_bمكتبة وهبة ،
_c1993
300 _a191 ص
490 _aدراسات لغوية
_v0
650 0 4 _aالنحو
650 0 4 _aالاشتقاق
650 0 4 _aاللغة العربية
650 0 4 _aاللهجات
650 0 4 _aاللغات السامية
942 _2ddc
_cBK
999 _c37213
_d37213